000
00292nam a22001217a 4500
008
180126b xxu||||| |||| 00| 0 eng d
041
_a
eng
080
_a
574
100
_a
9
101
_a
MJE
245
_a
Samwill Feeds and Speeds Band and Circular Rip Saws
_c
Quelch, .P.S
942
_2
udc
_c
BK
999
_c
40999
_d
40999